|
|
|
|
| LEADER |
00000naa2a2200000 4500 |
| 001 |
387091 |
| 005 |
20231101063551.0 |
| 035 |
|
|
|a (RuTPU)RU\TPU\prd\16527
|
| 090 |
|
|
|a 387091
|
| 100 |
|
|
|a 20030826a2003 k y0rusy50 ca
|
| 101 |
0 |
|
|a rus
|
| 102 |
|
|
|a RU
|
| 200 |
1 |
|
|a Обеспечение качества образования: пути повышения эффективности учебного процесса
|f Н. В. Сумцова, В. Н. Едронова
|
| 225 |
1 |
|
|a Время качества
|
| 300 |
|
|
|a Высшее образование в документах: Журнал в журнале
|
| 461 |
|
1 |
|0 (RuTPU)RU\TPU\prd\1307
|x 1726-667X
|t Высшее образование сегодня
|o научно-практический журнал
|d 2001-
|
| 463 |
|
1 |
|0 (RuTPU)RU\TPU\prd\16402
|t № 6
|v С. 30-36
|d 2003
|
| 610 |
1 |
|
|a образование
|
| 610 |
1 |
|
|a образовательные учреждения
|
| 610 |
1 |
|
|a качество
|
| 610 |
1 |
|
|a учебный процесс
|
| 610 |
1 |
|
|a эффективность
|
| 610 |
1 |
|
|a самостоятельные работы
|
| 610 |
1 |
|
|a Нижегородский коммерческий институт
|
| 700 |
|
1 |
|a Сумцова
|b Н. В.
|g Наталья Владимировна
|
| 701 |
|
1 |
|a Едронова
|b В. Н.
|g Валентина Николаевна
|
| 801 |
|
1 |
|a RU
|b 63413507
|c 20030826
|g PSBO
|
| 801 |
|
2 |
|a RU
|b 63413507
|c 20140729
|g RCR
|
| 942 |
|
|
|c BK
|